Art of war (Record no. 11259)

MARC details
000 -LEADER
fixed length control field 00325nam a22001457a 4500
003 - CONTROL NUMBER IDENTIFIER
control field OSt
008 - FIXED-LENGTH DATA ELEMENTS--GENERAL INFORMATION
fixed length control field 220521b ||||| |||| 00| 0 eng d
020 ## - INTERNATIONAL STANDARD BOOK NUMBER
International Standard Book Number 9789381841792
082 ## - DEWEY DECIMAL CLASSIFICATION NUMBER
Classification number 355.02 TZA
100 ## - MAIN ENTRY--PERSONAL NAME
Personal name Tzu,Sun
245 ## - TITLE STATEMENT
Title Art of war
260 ## - PUBLICATION, DISTRIBUTION, ETC. (IMPRINT)
Place of publication, distribution, etc New Delhi
Name of publisher, distributor, etc Grapevine India
Date of publication, distribution, etc 2015
300 ## - PHYSICAL DESCRIPTION
Extent 210
942 ## - ADDED ENTRY ELEMENTS (KOHA)
Source of classification or shelving scheme Dewey Decimal Classification
Koha item type Text Books

No items available.

Design & Developed by: PIET Central Library
R70 Miles Stone Pattikalyana Samalkha Panipat 132102
mail ID :- [email protected], Phone No:- 0180-2569700 Ex.216